00631cam a2200181 4500008004100000020001500041035001200056050002500068100002100093245005800114260004800172300003600220500002000256504003800276650005500314650005400369700002600423031208t1998 nyua gr 000 0 eng u a0195104439 aa43384600aGE45 .M37 bG87 19981 aGurney, W. S. C.00aEcological dynamics /cW. S. C. Gurney , R. M. Nisbet aNew York. bOxford University Press, c1998 axiii, 335 p. :bils. ; c26 cm. aRec. fomes 2001 aIncluye bibliografía e índice10aCiencias del medio ambientexModelos matemáticos20aAdministración ambientalxModelos matemáticos1 aNisbet, R.M. , coaut.